Movies Quiz

Random Movies or Oscar Quiz

Complete the Best Picture... With a Picture Quiz Stats

 Plays Quiz Updated Oct 27, 2017

Score 0/20 Timer 05:00
4 Plays Today
% Correct
Million DOLLAR Baby
98%
The Silence of the LAMBS
97.6%
One Flew Over the
CUCKOO's Nest
96.7%
The DEER Hunter
96.2%
Driving Miss DAISY
95.8%
Dances with WOLVES
95.2%
The Hurt LOCKER
94.4%
Schindler's LIST
94.3%
The BRIDGE on the
River Kwai
93%
The King's SPEECH
92%
% Correct
SHAKESPEARE in Love
91.5%
The English PATIENT
89.5%
A Man for All SEASONS
89.1%
The FRENCH Connection
89%
KRAMER vs. KRAMER
88.8%
Out of AFRICA
86.9%
How GREEN Was
My Valley
86.3%
All About EVE
86%
The BROADWAY Melody
81.5%
Midnight COWBOY
79.6%

You're not logged in!

Compare scores with friends on all Sporcle quizzes.
OR
Log In

You Might Also Like...

Show Comments

Extras

Top Quizzes Today


Score Distribution

Your Account Isn't Verified!

In order to create a playlist on Sporcle, you need to verify the email address you used during registration. Go to your Sporcle Settings to finish the process.

Report this User

Report this user for behavior that violates our Community Guidelines.

Details: